000 00939nam a2200253Ia 4500
001 15765
003 GE_BSU
008 181216s||||||||xx |||||||||||||| ||und||
040 _cGE_BSU
080 _a821.353.1-31
100 _aჭილაძე, ო. (ოთარ, 1933-2009)
245 _aგოდორი
245 _bრომანი
245 _cრედ. და ბოლოსიტყვ. ავტ.: მალხაზ ხარბედია ; მხატვ.: ნანა ჭილაძე. გარეკან.გამოყენ. დეტალი იერონიმუს ბოსნის ნახატიდან
250 _aმე-2 გამოცემა
260 _aთბილისი
260 _bარეტე
260 _c2006
300 _a359 გვ. ; 20 სმ.
541 _h15ლ.
653 _aგოდორი
653 _aრომანი
942 _cBK
999 _c48863
_d48863